| 000 | 00937cab a2200265 4500 | ||
|---|---|---|---|
| 001 | ##L134816 | ||
| 008 | 060904n2006 000 0 eng u | ||
| 035 | _a(Sirsi) u134816 | ||
| 041 | 0 | _aeng | |
| 100 | 1 | _aGoldie, Anna | |
| 245 | 0 | 0 |
_aYorks and north Lincs _bregional |
| 260 | _c2006 | ||
| 490 | 0 |
_aProperty Week _v71(35) 1 September 2006, 99-125(8) |
|
| 520 | _aLooks at a mixed-use development on the site of the former Odeon cinema in Bradford, new developments in Doncaster, Investec research on the property market in northern England and Scotland and the upcoming sale of the Outokumpu site in Sheffield. Tables. | ||
| 590 | _aIKA050906 | ||
| 651 | 4 | _aYORKSHIRE | |
| 651 | 4 | _aNORTH LINCOLNSHIRE | |
| 651 | 4 | _aBRADFORD | |
| 651 | 4 | _aSHEFFIELD | |
| 651 | 4 | _aDONCASTER | |
| 651 | 4 | _aNORTHERN ENGLAND | |
| 651 | 4 |
_aScotland _y1999- |
|
| 690 | _aPROPERTY-COMMERCIAL PROPERTY-COMMERCIAL PROPERTY MARKET | ||
| 942 | _n0 | ||
| 999 |
_c77661 _d77661 |
||